Management accounting and financial management (Record no. 114548)

MARC details
000 -LEADER
fixed length control field 00408nam a2200157Ia 4500
008 - FIXED-LENGTH DATA ELEMENTS--GENERAL INFORMATION
fixed length control field 230917s9999||||xx |||||||||||||| ||und||
040 ## - CATALOGING SOURCE
-- 95299
Original cataloging agency VIVEKANANDA LIBRARY
041 ## - Language
-- English
082 ## - DDC NUMBER
Classification number 658.1511 M698M
100 ## - MAIN ENTRY--PERSONAL NAME
Personal name Mittal, S N
245 #0 - TITLE STATEMENT
Title Management accounting and financial management
250 ## - EDITION STATEMENT
Edition statement 3rd ed.
260 ## - PUBLICATION, DISTRIBUTION, ETC. (IMPRINT)
Place of publication, distribution, etc Delhi
Name of publisher, distributor, etc Shree Mahavir Book Depot
Date of publication, distribution, etc 2000
300 ## - PHYSICAL DESCRIPTION
Pages x, 1231 p.
942 ## - ADDED ENTRY ELEMENTS (KOHA)
Koha item type Books
Holdings
Withdrawn status Lost status Damaged status Not for loan Location (home branch) Sublocation or collection (holding branch) Date acquired Koha issues (times borrowed) Koha full call number Accession No. Koha date last seen Koha item type
        VIVEKANANDA LIBRARY VIVEKANANDA LIBRARY 11/07/2003   658.1511 M698M 204298 17/09/2023 Books
        VIVEKANANDA LIBRARY VIVEKANANDA LIBRARY 11/07/2003   658.1511 M698M 204299 17/09/2023 Books
        VIVEKANANDA LIBRARY VIVEKANANDA LIBRARY 11/07/2003   658.1511 M698M 204300 17/09/2023 Books
        VIVEKANANDA LIBRARY VIVEKANANDA LIBRARY 11/07/2003   658.1511 M698M 204301 17/09/2023 Books
        VIVEKANANDA LIBRARY VIVEKANANDA LIBRARY 11/07/2003 2 658.1511 M698M 204302 21/03/2024 Books
© Designed and Maintained by Vivekananda Library, MDU Rohtak